00489nam a2200193Ia 4500003000400000005001700004008004100021020001800062040000700080041000800087082002300095100006100118245002500179250000600204260003800210300001800248365001400266650001500280OSt20230509104605.0210423s2007 xx 000 0 und d a9780716767640 cAL aeng a616.079 223bKINK aKINDT (Thomas J);GOLDSBY (Richard A);OSBORNE (Barbara A) aKuby immunology Ed 6 a6 aNew YorkbW H Freeman & Co.c2007 axxii,574,I-27 b3374cINR aImmunology